Best NBA Players of All-Time (By Position) - Statistics

General Stats
  • This quiz has been taken 13,627 times
  • The average score is 31 of 50
Answer Stats
Position Player % Correct
SF LeBron James
95%
PG Magic Johnson
95%
SG Michael Jordan
95%
PG Stephen Curry
95%
C Shaquille O'Neal
91%
SG Kobe Bryant
90%
PF Tim Duncan
85%
SG Jerry West
84%
C Wilt Chamberlain
84%
C Kareem Abdul-Jabbar
81%
SF Larry Bird
81%
SF Kevin Durant
79%
C Bill Russell
78%
PG John Stockton
77%
PF Karl Malone
74%
C Moses Malone
73%
PG Steve Nash
73%
PF Dirk Nowitzki
71%
SG Dwyane Wade
71%
SG Allen Iverson
70%
PF Kevin Garnett
69%
PG Oscar Robertson
69%
PG Chris Paul
68%
C Hakeem Olajuwon
67%
SF Scottie Pippen
67%
PG Jason Kidd
66%
PG Isiah Thomas
64%
SF Julius Erving
64%
C David Robinson
63%
PF Charles Barkley
58%
PG Bob Cousy
55%
SG Ray Allen
55%
PF Dennis Rodman
54%
C Patrick Ewing
54%
SG Clyde Drexler
48%
SF Elgin Baylor
45%
PF Kevin McHale
45%
SG Reggie Miller
45%
PF Bob Pettit
44%
SF John Havlicek
40%
SF James Worthy
39%
SF Dominique Wilkins
38%
C Bill Walton
37%
SG George Gervin
34%
C George Mikan
34%
PF Pau Gasol
33%
PG Walt Frazier
31%
PF Elvin Hayes
30%
SF Rick Barry
27%
SG Earl Monroe
12%
No matching quizzes found
Score Distribution
Percent of People with Each Score
Percentile by Number Answered
Your Score History
You have not taken this quiz